000 00733nam a2200229 i 4500
001 60533
003 ES-MaACL
007 t|
008 031105s1925 fr ||||1| fre d
100 1 _aEsquilo.
_947970
245 1 0 _aAgamemnon
_b: ; Les choéphores ; Les euménides /
_cEschyle ; texte établiet traduit par Paul Mazon.
260 _aParis :
_bSocieté d'Edition "Les Belles Lettres",
_c1925 (
_fVaugirard)
300 _aXXVIII, 172 p.
490 1 _aCollection des Universités de France
500 _aTome II.
700 1 _aMazon, Paul.
_979487
740 4 _aLes choéphores.
740 4 _aLes euménides.
830 0 _aCollection des Universités de France
_9180876
852 _aES-MaACL
_jC-7840
999 _c60533
_d60533